| 000 | 00529nam a2200157Ia 4500 | ||
|---|---|---|---|
| 003 | IQ-KOUCL | ||
| 041 | _aArabic | ||
| 082 | _a210,72 cut-249 ه | ||
| 100 | _a20260118u\\\\\\\\\\\y0engy0103\\\\ba | ||
| 100 | _aالحافظ جلال الدين السيوطي | ||
| 245 | 0 | _aالسرات والمنير في ترتيب احاديث صحيح الجامع الصغير الجزء الاول | |
| 250 | _aط1 | ||
| 260 |
_bجمعية احياء التراث الاسلامي _aالكويت _c2022 |
||
| 300 | _a671 | ||
| 942 | _cBk | ||
| 999 |
_c186313 _d186313 |
||